Medical Microbiology. (Record no. 4072)

MARC details
000 -LEADER
fixed length control field 00502nam a22001937a 4500
003 - CONTROL NUMBER IDENTIFIER
control field OSt
005 - DATE AND TIME OF LATEST TRANSACTION
control field 20160517134302.0
008 - FIXED-LENGTH DATA ELEMENTS--GENERAL INFORMATION
fixed length control field 160517b xxu||||| |||| 00| 0 eng d
020 ## - INTERNATIONAL STANDARD BOOK NUMBER
International Standard Book Number 0316104329
040 ## - CATALOGING SOURCE
Transcribing agency DLMN.
082 ## - DEWEY DECIMAL CLASSIFICATION NUMBER
Classification number QW4 B692m.
100 ## - MAIN ENTRY--PERSONAL NAME
Personal name Boyd,E.Robert;Marr,J.Joseph;
9 (RLIN) 8839
245 ## - TITLE STATEMENT
Title Medical Microbiology.
260 ## - PUBLICATION, DISTRIBUTION, ETC. (IMPRINT)
Place of publication, distribution, etc. Boston.
Name of publisher, distributor, etc. Little,Brown and Company.
Date of publication, distribution, etc. 1980
300 ## - PHYSICAL DESCRIPTION
Extent x,753p;
Other physical details ill;
Dimensions 26cm.
504 ## - BIBLIOGRAPHY, ETC. NOTE
Bibliography, etc includes index.
650 ## - SUBJECT ADDED ENTRY--TOPICAL TERM
Topical term or geographic name as entry element Medicine.
9 (RLIN) 324
942 ## - ADDED ENTRY ELEMENTS (KOHA)
Source of classification or shelving scheme Dewey Decimal Classification
Koha item type Open Shelf
Holdings
Withdrawn status Lost status Source of classification or shelving scheme Damaged status Not for loan Home library Current library Date acquired Source of acquisition Inventory number Total Checkouts Full call number Barcode Date last seen Price effective from Koha item type
    Other/Generic Classification Scheme     MUST Main Library MUST Main Library 17/05/2016   05/23835   QW4 B692m. 2016-1974 17/05/2016 17/05/2016 Open Shelf
    Dewey Decimal Classification     MUST Main Library MUST Main Library 22/06/2016   1992/5809   QW4 B692m. 2016-2626 22/06/2016 22/06/2016 Open Shelf
    Other/Generic Classification Scheme     MUST Main Library MUST Main Library 22/06/2016   1992/5807   QW4 B692m. 2016-2648 22/06/2016 22/06/2016 Open Shelf
    Other/Generic Classification Scheme     MUST Main Library MUST Main Library 22/06/2016   117   QW4 B692m. 2016-2649 22/06/2016 22/06/2016 Open Shelf